Представление документа в формате RUSMARC

ПолеНазваниеЗначение
  Тип записи a
  Библиографический уровень m
001 Контрольный номер d2d3d37aa3c44152ad1df18a51b47634
005 Дата корректировки 20140526192711.8
010 Индекс ISBN __
a ISBN 978-5-8018-0391-3
101 Язык документа __
a Язык текста rus
102 Страна публикации __
a Страна публикации RU
200 Заглавие и сведения об ответственности __
a Заглавие Спецодежда и спецоснастка: новые нормы, бухгалтерский учет и налогообложение
e Сведения, относящиеся к заглавию метод. пособие
f Первые сведения об ответственности И. В. Гейц
210 Выходные данные __
c Издательство Дело и Сервис
a Место издания М.
d Дата издания 2008
215 Физическое описание __
a Объем 175, [1]
225 Серия __
a Серия Б-ка журн. "Консультант бухгалтера"
v Обозначение тома вып. 2
610 Ключевые слова __
a Ключевые слова бухгалтерский учет
610 Ключевые слова __
a Ключевые слова налогообложение
610 Ключевые слова __
a Ключевые слова спецодежда
610 Ключевые слова __
a Ключевые слова спецоснастка
610 Ключевые слова __
a Ключевые слова средства индивидуальной защиты
686 Индексы других классификаций __
a Классификационный индекс 65.052.9(2)229
2 Код системы rubbk
700 Автор __
a Фамилия Гейц
b Имя И. В.
g Полное личное имя Игорь Викторович
801 Источник записи _0
a Страна RU
b Организация РУК
c Дата составления 20080707
g Правила каталогизации PSBO
801 Источник записи _1
a Страна RU
b Организация РУК
c Дата составления 20080707
g Правила каталогизации PSBO
852 Данные о местонахождении __
i Авторский знак Г 29
901 Тип документа __
t Тип документа m
938 Служебная информация __
a Название организации Головной вуз
b Имя БД BOOK
c Название АИБС АИБС ИРБИС